| 000 | 00706cab a22001815a 4500 | ||
|---|---|---|---|
| 001 | L151131 | ||
| 008 | 101004s2010 xxk f s 000 0 eng d | ||
| 035 | _a(Sirsi) u151131 | ||
| 041 | 0 | _aeng | |
| 245 | 0 | 0 | _aNew agreement to improve health and safety on construction sites |
| 260 | _c2010 | ||
| 490 | 0 |
_aBuilding Engineer _v85(10) October 2010, 9(1) |
|
| 520 | _aOverview of an agreement signed by the Health and Safety Executive (HSE) and the Building Control Alliance (BCA) to work more closely to improve health and safety standards in the construction industry; signed 17 September 2010. | ||
| 590 | _aKA | ||
| 651 | 4 |
_aEngland and Wales _y1543- |
|
| 690 |
_aHealth and safety _96244 |
||
| 942 | _n0 | ||
| 999 |
_c82710 _d82710 |
||